00283nam a2200109Ia 4500008004100000100001600041245002700057260004300084650002200127942000700149999001700156190216s9999||||xx |||||||||||||| ||und|| aOlappamanna 0aChavuttukuzhacha Mannu bSahithya Pravarthaka Sahakarana Sangam aMalayalam Nadakam cBK c24109d24109